[Event "16th EUR-ch"]
[Site "Jerusalem ISR"]
[Date "2015.03.08"]
[Round "11"]
[White "Vaturi, Eden"]
[Black "Poleg, Dan"]
[Result "1-0"]
[WhiteElo "1798"]
[BlackElo "1992"]
[EventDate "2015.02.24"]
[PlyCount "135"]

1.c4 Nf6 2.g3 e6 3.Nc3 d5 4.Bg2 c6 5.b3 Bd6 6.e3 O-O 7.Nf3 Nbd7 8.O-O e5 
9.d3 Re8 10.Bb2 a6 11.a3 Nf8 12.b4 Be6 13.Qe2 h6 14.Rac1 Qd7 15.Na4 e4 16.
dxe4 dxe4 17.Nd4 Bg4 18.Qc2 Rad8 19.Nb6 Qc7 20.c5 Be5 21.h3 Bh5 22.Nc4 
N8d7 23.Nf5 Bxb2 24.Qxb2 Ne5 25.Nxe5 Qxe5 26.Qxe5 Rxe5 27.Nd6 Re7 28.g4 
Bg6 29.Rfd1 Nd5 30.Rd4 Nc7 31.Kf1 Kf8 32.Ke2 h5 33.Bxe4 Bxe4 34.Rxe4 Nb5 
35.Rxe7 Kxe7 36.Nxb7 Rb8 37.Na5 Kd7 38.Rd1+ Kc7 39.Rd3 hxg4 40.hxg4 Rd8 
41.Rxd8 Kxd8 42.Nxc6+ Kc7 43.Ne5 Nxa3 44.Kd3 f6 45.Nc4 Nb5 46.f4 Kc6 47.
Na5+ Kd7 48.Nb3 Nc7 49.Kc4 Kc6 50.Nd4+ Kd7 51.Nf5 g6 52.Nd6 Ke6 53.e4 g5 
54.f5+ Ke5 55.b5 axb5+ 56.Nxb5 Na6 57.Nd6 Nc7 58.Nb5 Na6 59.Nc3 Kf4 60.
Nd5+ Kxg4 61.Nxf6+ Kf4 62.Kd5 Nc7+ 63.Kc6 Ke5 64.Ng4+ Kxe4 65.Kxc7 Kxf5 
66.Nf2 Kf4 67.Nh3+ Kg4 68.Nxg5 1-0

[Event "16th EUR-ch"]
[Site "Jerusalem ISR"]
[Date "2015.03.08"]
[Round "11"]
[White "Travinsky, Mark"]
[Black "Rave, Avraham"]
[Result "1-0"]
[WhiteElo "1958"]
[BlackElo "1824"]
[EventDate "2015.02.24"]
[PlyCount "101"]

1.d4 d5 2.c4 c6 3.Nc3 Nf6 4.Nf3 e6 5.e3 Nbd7 6.cxd5 exd5 7.Bd3 Bd6 8.O-O 
O-O 9.Qc2 a6 10.a3 c5 11.Re1 Re8 12.Bd2 c4 13.Bf1 b5 14.g3 Bb7 15.Bg2 Ne4 
16.Rec1 Ndf6 17.Be1 Bc8 18.Nd2 Nxc3 19.Qxc3 Bf5 20.b4 Qd7 21.f3 Bh3 22.Bh1
Re7 23.e4 dxe4 24.fxe4 Bc7 25.e5 Nd5 26.Qf3 Rd8 27.Ne4 Bb6 28.Nc5 Bxc5 29.
bxc5 Bg4 30.Qxd5 Qxd5 31.Bxd5 Rxd5 32.Bc3 f6 33.exf6 gxf6 34.Re1 Kf7 35.
Rxe7+ Kxe7 36.Re1+ Kd7 37.Re4 f5 38.Re1 Bf3 39.Kf2 Be4 40.Ke3 Kc6 41.Kf4 
Rd8 42.g4 Rf8 43.g5 Rg8 44.Re3 h6 45.h4 hxg5+ 46.hxg5 Kd7 47.Rh3 Re8 48.
Rh7+ Re7 49.g6 Ke6 50.g7 Re8 51.Rh8 1-0

[Event "16th EUR-ch"]
[Site "Jerusalem ISR"]
[Date "2015.03.08"]
[Round "11"]
[White "Or, Yochanan"]
[Black "Mdivani, Maka"]
[Result "0-1"]
[WhiteElo "1822"]
[BlackElo "2105"]
[EventDate "2015.02.24"]
[PlyCount "66"]

1.e4 c5 2.Nf3 e6 3.c3 a6 4.d4 d5 5.e5 Nc6 6.Bd3 Qc7 7.O-O Nge7 8.Na3 b5 9.
Nc2 Ng6 10.g3 c4 11.Be2 f6 12.exf6 gxf6 13.Re1 Bd7 14.Bf1 O-O-O 15.b3 h5 
16.bxc4 dxc4 17.h4 Bd6 18.a4 Rdg8 19.axb5 axb5 20.d5 exd5 21.Qxd5 Nb8 22.
Ncd4 Qc5 23.Qe4 f5 24.Qb1 f4 25.Ne6 Qb6 26.Nfd4 fxg3 27.f3 Nxh4 28.Be3 Kb7
29.Bg2 Nxg2 30.Kxg2 h4 31.Rh1 h3+ 32.Rxh3 Rxh3 33.Kxh3 Bxe6+ 0-1

[Event "16th EUR-ch"]
[Site "Jerusalem ISR"]
[Date "2015.03.08"]
[Round "11"]
[White "Abend, Ilay"]
[Black "Drori, Dan"]
[Result "0-1"]
[WhiteElo "1725"]
[BlackElo "2104"]
[EventDate "2015.02.24"]
[PlyCount "60"]

1.e4 g6 2.d4 Bg7 3.Nf3 c5 4.c3 cxd4 5.cxd4 d5 6.e5 Nc6 7.Be3 Bg4 8.Nbd2 f6
9.Qa4 Bd7 10.Qb3 e6 11.exf6 Nxf6 12.Bd3 O-O 13.O-O Nh5 14.Qd1 Nf4 15.Nb3 
a5 16.Qd2 Nxd3 17.Qxd3 b6 18.a3 Rxf3 19.gxf3 Qh4 20.Rfd1 Rf8 21.Kf1 Qh3+ 
22.Ke1 Rxf3 23.a4 Nb4 24.Qc3 Bh6 25.Nd2 Rxe3+ 26.fxe3 Bxe3 27.Nf1 Qh4+ 28.
Ng3 Qxh2 29.Nh1 Nc2+ 30.Kf1 e5 0-1

[Event "16th EUR-ch"]
[Site "Jerusalem ISR"]
[Date "2015.03.08"]
[Round "11"]
[White "Chubar, Vladimir"]
[Black "Levin, Natan"]
[Result "1-0"]
[WhiteElo "2066"]
[BlackElo "1869"]
[EventDate "2015.02.24"]
[PlyCount "99"]

1.Nf3 Nf6 2.b3 b6 3.Bb2 Bb7 4.e3 e6 5.d4 c5 6.Bd3 d6 7.Nbd2 Nbd7 8.O-O Be7
9.c4 Qc7 10.Qc2 Rc8 11.Ne4 h6 12.Rfd1 Qb8 13.dxc5 Nxc5 14.Nxc5 bxc5 15.
Rac1 Qa8 16.Ne1 e5 17.Be2 Be4 18.Qc3 a5 19.Bf3 Rb8 20.Bxe4 Nxe4 21.Qc2 O-O
22.a4 f5 23.Rb1 f4 24.exf4 Rxf4 25.f3 Ng5 26.Bc1 Rd4 27.Bxg5 hxg5 28.Qg6 
Bf6 29.Rxd4 exd4 30.Nd3 Re8 31.Re1 Rxe1+ 32.Nxe1 Qd8 33.Qe4 Kf8 34.Qe6 g6 
35.Nd3 Kg7 36.Nf2 Be5 37.g3 Qb8 38.Ng4 Qc7 39.Kg2 d3 40.Qd5 Bd4 41.Qxg5 
Qb7 42.h4 Qxb3 43.h5 Qc2+ 44.Kh3 d2 45.Qe7+ Kh8 46.Qf8+ Kh7 47.Qf7+ Kh8 
48.Nh6 Qf5+ 49.Nxf5 d1=Q 50.Qe8+ 1-0

[Event "16th EUR-ch"]
[Site "Jerusalem ISR"]
[Date "2015.03.08"]
[Round "11"]
[White "Cohen Revivo, Shoham"]
[Black "Kneler, Boris"]
[Result "1/2-1/2"]
[WhiteElo "1838"]
[BlackElo "2025"]
[EventDate "2015.02.24"]
[PlyCount "83"]

1.e4 c6 2.d4 g6 3.Nc3 d5 4.h3 Bg7 5.Nf3 dxe4 6.Nxe4 Bf5 7.Ng3 Nh6 8.Bd3 
Bxd3 9.Qxd3 Qc7 10.O-O O-O 11.Qe4 e6 12.Bf4 Qd7 13.Qe3 Nf5 14.Nxf5 exf5 
15.c3 Re8 16.Qd2 f6 17.h4 Qd5 18.Bh6 Nd7 19.Rfe1 Re4 20.Bxg7 Kxg7 21.Qc2 
Rae8 22.Qb3 Nb6 23.Qxd5 cxd5 24.Rxe4 fxe4 25.Nd2 Rc8 26.a4 a5 27.Ra3 Rc7 
28.Nf1 Kf7 29.Ne3 Ke6 30.Kf1 f5 31.Ke2 Kd6 32.g3 Nc4 33.Rb3 Nxe3 34.Rb6+ 
Rc6 35.Rxc6+ Kxc6 36.Kxe3 b5 37.b3 bxa4 38.bxa4 Kd6 39.Kf4 Ke6 40.Kg5 Kf7 
41.Kf4 Kf6 42.f3 1/2-1/2

[Event "16th EUR-ch"]
[Site "Jerusalem ISR"]
[Date "2015.03.08"]
[Round "11"]
[White "Saadon, Netanel"]
[Black "Kochavi, Ori"]
[Result "0-1"]
[WhiteElo "1939"]
[BlackElo "1607"]
[EventDate "2015.02.24"]
[PlyCount "92"]

1.d4 d5 2.c4 c6 3.Nf3 Nf6 4.Nc3 e6 5.Bg5 Be7 6.cxd5 exd5 7.Qc2 O-O 8.e3 h6
9.Bh4 Be6 10.Bd3 Nbd7 11.O-O Rc8 12.Rab1 b5 13.b4 a5 14.a3 axb4 15.axb4 
Nb6 16.Ne5 Nfd7 17.Bxe7 Qxe7 18.Nf3 Nc4 19.Bxc4 dxc4 20.e4 Bg4 21.Nd2 Nb6 
22.f3 Be6 23.Rfd1 Rfd8 24.Nf1 Qf6 25.Qf2 Rb8 26.Ng3 Na4 27.Nge2 Nxc3 28.
Nxc3 Ra8 29.e5 Qg6 30.Ra1 Rxa1 31.Rxa1 Qd3 32.Ne2 Qb3 33.Qe1 Qe3+ 34.Qf2 
Qd2 35.Qe1 Qxe1+ 36.Rxe1 Ra8 37.Nc3 Ra3 38.Rc1 Rb3 39.Na2 Rd3 40.Nc3 Rxd4 
41.Rd1 Rxd1+ 42.Nxd1 c5 43.bxc5 b4 44.Ne3 c3 45.Kf2 b3 46.Ke2 b2 0-1

[Event "16th EUR-ch"]
[Site "Jerusalem ISR"]
[Date "2015.03.08"]
[Round "11"]
[White "Lukin, Elisha"]
[Black "Belokopyt, Boris"]
[Result "1-0"]
[WhiteElo "1721"]
[BlackElo "1956"]
[EventDate "2015.02.24"]
[PlyCount "97"]

1.d4 d5 2.c4 e6 3.Nc3 c6 4.cxd5 exd5 5.Qc2 Nf6 6.Bg5 Be7 7.e3 Ne4 8.Bxe7 
Qxe7 9.Nxd5 cxd5 10.Qxc8+ Qd8 11.Qxd8+ Kxd8 12.Bd3 Nc6 13.Nf3 Nb4 14.Bb1 
Rc8 15.O-O Nc2 16.Bxc2 Rxc2 17.Ne5 Ke7 18.Nd3 Rhc8 19.Rac1 R8c6 20.f3 Nd6 
21.Rxc2 Rxc2 22.Rf2 Rc4 23.Kf1 Nf5 24.Re2 Kd6 25.Ke1 f6 26.Kd1 b6 27.g4 
Nh4 28.Ne1 Rc8 29.Rc2 Re8 30.Ke2 f5 31.Nd3 fxg4 32.fxg4 Ng6 33.Kf3 Nh4+ 
34.Kf2 Ng6 35.Rc1 Rf8+ 36.Kg3 Re8 37.Kf3 Nh4+ 38.Kf2 Ng6 39.b4 Rf8+ 40.Kg3
Re8 41.Kf3 a6 42.a4 Rf8+ 43.Ke2 Ra8 44.Ne1 Ne7 45.h4 Nc6 46.Nd3 Re8 47.Kd2
Rf8 48.h5 Rf3 49.Rxc6+ 1-0

[Event "16th EUR-ch"]
[Site "Jerusalem ISR"]
[Date "2015.03.08"]
[Round "11"]
[White "Fainman, Tomer"]
[Black "Vardi, Moshe"]
[Result "1-0"]
[WhiteElo "1571"]
[BlackElo "1850"]
[EventDate "2015.02.24"]
[PlyCount "75"]

1.d4 c5 2.c3 e6 3.Nf3 Nc6 4.e4 cxd4 5.cxd4 Bb4+ 6.Nc3 Qa5 7.Qc2 Nf6 8.Bd3 
d5 9.Bd2 dxe4 10.Bxe4 Nxe4 11.Qxe4 Bxc3 12.Bxc3 Qd5 13.Qe3 O-O 14.O-O Bd7 
15.Qf4 Rac8 16.Qg3 Ne7 17.Rfe1 f6 18.Qf4 Rc4 19.Nd2 Bc6 20.Qg4 f5 21.Qh3 
Ra4 22.Re5 Rxa2 23.Rae1 Qd7 24.Rxe6 Ng6 25.Qg3 Bb5 26.h4 Ra6 27.Rxa6 Bxa6 
28.h5 Nh8 29.d5 f4 30.Qf3 h6 31.Qe4 Qf5 32.Qd4 Qf6 33.Qxa7 Qg5 34.Re5 Qg4 
35.Qd4 Nf7 36.Re7 Qg5 37.Nf3 Qxe7 38.Qxg7# 1-0

[Event "16th EUR-ch"]
[Site "Jerusalem ISR"]
[Date "2015.03.08"]
[Round "11"]
[White "Chachashvili, Zuri"]
[Black "Samarin, Leonid"]
[Result "1-0"]
[WhiteElo "1818"]
[BlackElo "1748"]
[EventDate "2015.02.24"]
[PlyCount "85"]

1.e4 c5 2.Nf3 a6 3.c4 d6 4.d4 cxd4 5.Nxd4 Nc6 6.Nc3 g6 7.Be3 Bg7 8.Be2 Nf6
9.f3 O-O 10.Qd2 Bd7 11.O-O Rc8 12.Rac1 Ne5 13.Nd5 e6 14.Nxf6+ Bxf6 15.Rfd1
Qe7 16.Nb3 Nc6 17.Qxd6 Qxd6 18.Rxd6 Ne5 19.f4 Be7 20.Rdd1 Nxc4 21.Bxc4 Bc6
22.e5 Be4 23.Be2 Bc2 24.Rd2 Bxb3 25.Rxc8 Rxc8 26.axb3 Bb4 27.Rd7 Rc2 28.
Kf1 Rxb2 29.Rxb7 Rxb3 30.Bxa6 Rxe3 31.Rxb4 g5 32.g3 h5 33.Kf2 Ra3 34.Be2 
Ra2 35.fxg5 Kg7 36.h4 Kg6 37.Rf4 Ra5 38.Rf6+ Kg7 39.Bxh5 Rxe5 40.Bxf7 Rf5+
41.Rxf5 exf5 42.Be6 Kg6 43.g4 1-0